000 00996cam a2200301 i 4500
001 2756366
003 JO-AjAnu
005 20231203091925.0
008 800604s1980 ilua b 001 0 eng
010 _a 79090537
020 _a0256023336
040 _aDLC
_cDLC
_dDLC
_dJO-AjAnu
043 _an-us---
050 0 0 _aHJ257.2
_b.B82 1980
082 0 0 _a336.73
100 1 _aBuchanan, James M.
_eauthor
245 1 4 _aThe public finances :
_ban introductory textbook /
_cJames M. Buchanan, Marilyn R. Flowers.
250 _a5th ed.
260 _aHomewood, Ill. :
_bR. D. Irwin ;
_aGeorgetown, Ont. :
_bIrwin-Dorsey,
_c1980.
300 _axviii, 536 p. :
_bill. ;
_c24 cm.
490 0 _aThe Irwin series in economics
504 _aIncludes bibliographies and index.
650 0 _aFinance, Public
_zUnited States
_xHistory
_y1933-
650 0 _aFinance, Public.
700 1 _aFlowers, Marilyn R.,
_ejoint author.
906 _a7
_bcbc
_corignew
_d2
_eopcn
_f19
_gy-gencatlg
942 _2lcc
_cBK
_n0
999 _c33234
_d33234